| 000 | 00373nam a2200133 a 4500 | ||
|---|---|---|---|
| 001 | 5362 | ||
| 003 | CDMR | ||
| 005 | 20141231124614.0 | ||
| 008 | 130130s1969||||||||||||||||||||||||||||d | ||
| 040 |
_aCDMR _bcat _cCPC GIRONA |
||
| 245 | 0 |
_aNuestro tiempo _bLibertad de información y opinión pública |
|
| 260 |
_c1969 _bEdiciones Universidad de Navarra (EUNSA) |
||
| 942 |
_cMON _2udc |
||
| 999 |
_c5362 _d5362 |
||